[Event "European Online Club-ch-F 2021"]
[Site "Online"]
[Date "2021.03.27"]
[Round "5.7"]
[White "Druska, Juraj"]
[Black "Fridman, Daniel"]
[Result "0-1"]
[WhiteElo "2495"]
[BlackElo "2601"]
[Annotator "ChessBase"]
[PlyCount "102"]
[EventDate "2021.03.27"]
[EventType "team-tourn"]
[EventCountry "NET"]
[SourceTitle "playchess.com"]
[Source "ChessBase"]
[SourceQuality "1"]
[TimeControl "900+5"]

1. e4 {[%emt 0:00:00]} c6 {[%emt 0:00:49]} 2. d4 {[%emt 0:00:08]} d5 {[%emt 0:00:02]} 3. exd5 {[%emt 0:00:01]} cxd5 {[%emt 0:00:01]} 4. Bd3 {[%emt 0:00:02]} Nc6 {[%emt 0:00:02]} 5. c3 {[%emt 0:00:02]} Qc7 {[%emt 0:00:01]} 6. Ne2 {[%emt 0:00:02]} Bg4 {[%emt 0:00:02]} 7. O-O {[%emt 0:00:03]} e6 {[%emt 0:00:06]} 8. Qe1 {[%emt 0:00:02]} Nf6 {[%emt 0:00:12]} 9. Bf4 {[%emt 0:05:26]} Bd6 {[%emt 0:00:36]} 10. Bxd6 {[%emt 0:00:14]} Qxd6 {[%emt 0:00:00]} 11. Ng3 {[%emt 0:00:09]} O-O {[%emt 0:01:15]} 12. h3 {[%emt 0:01:40]} Bh5 {[%emt 0:00:04]} 13. Nxh5 {[%emt 0:00:02]} Nxh5 {[%emt 0:00:02]} 14. Nd2 {[%emt 0:00:08]} Nf4 {[%emt 0:03:47]} 15. Qe3 {[%emt 0:00:11]} f6 {[%emt 0:00:11]} 16. Rfe1 {[%emt 0:01:43]} e5 {[%emt 0:00:22]} 17. dxe5 {[%emt 0:00:00]} fxe5 {[%emt 0:00:03]} 18. Rad1 {[%emt 0:00:24]} Qf6 {[%emt 0:02:39]} 19. Bf1 {[%emt 0:00:24]} Rad8 {[%emt 0:00:17]} 20. Qg3 {[%emt 0:01:19]} e4 {[%emt 0:00:16]} 21. f3 {[%emt 0:00:37]} Qe5 {[%emt 0:00:36]} 22. Kh1 {[%emt 0:02:33]} Nd3 {[%emt 0:01:14]} 23. Qxe5 {[%emt 0:00:07]} Ncxe5 {[%emt 0:00:00]} 24. Bxd3 {[%emt 0:00:30]} Nxd3 {[%emt 0:00:00]} 25. Re2 {[%emt 0:00:09]} Nxb2 {[%emt 0:01:19]} 26. Rb1 {[%emt 0:00:38]} Na4 {[%emt 0:00:04]} 27. Rb3 {[%emt 0:00:01]} Nc5 {[%emt 0:00:54]} 28. Rb5 {[%emt 0:00:10]} b6 {[%emt 0:00:02]} 29. fxe4 {[%emt 0:00:02]} dxe4 {[%emt 0:00:01]} 30. Nxe4 {[%emt 0:00:20]} Rfe8 {[%emt 0:00:15]} 31. Ng3 {[%emt 0:00:07]} Rxe2 {[%emt 0:00:04]} 32. Nxe2 {[%emt 0:00:00]} Rd2 {[%emt 0:00:06]} 33. Nd4 {[%emt 0:00:05]} Rxa2 {[%emt 0:00:03]} 34. Rb1 {[%emt 0:00:03]} Ne4 {[%emt 0:00:19]} 35. c4 {[%emt 0:00:07]} Nd2 {[%emt 0:00:40]} 36. Rc1 {[%emt 0:00:13]} Ra4 {[%emt 0:00:07]} 37. Nb5 {[%emt 0:00:01]} Nxc4 {[%emt 0:00:14]} 38. Nxa7 {[%emt 0:00:03]} Rxa7 {[%emt 0:00:02]} 39. Rxc4 {[%emt 0:00:02]} Rb7 {[%emt 0:00:03]} 40. Rb4 {[%emt 0:00:01]} b5 {[%emt 0:00:01]} 41. Kg1 {[%emt 0:00:01]} Kf7 {[%emt 0:00:01]} 42. Kf2 {[%emt 0:00:01]} Ke6 {[%emt 0:00:01]} 43. Ke3 {[%emt 0:00:01]} Kd5 {[%emt 0:00:02]} 44. Kd3 {[%emt 0:00:03]} Kc5 {[%emt 0:00:01]} 45. Kc3 {[%emt 0:00:01]} Rf7 {[%emt 0:00:58]} 46. Rg4 {[%emt 0:00:05]} g6 {[%emt 0:00:03]} 47. Rg5+ {[%emt 0:00:08]} Rf5 {[%emt 0:00:04]} 48. Rg4 {[%emt 0:00:01]} Re5 {[%emt 0:00:06]} 49. Rh4 {[%emt 0:00:41]} h5 {[%emt 0:00:14]} 50. g4 {[%emt 0:00:02]} Re4 {[%emt 0:00:07]} 51. Kd3 {[%emt 0:00:01]} Kd5 {[%emt 0:00:07]} 0-1

[Event "European Online Club-ch-F 2021"]
[Site "Online"]
[Date "2021.03.27"]
[Round "5.9"]
[White "Gokerkan, Cem Kaan"]
[Black "Maghsoodloo, Parham"]
[Result "0-1"]
[WhiteElo "2470"]
[BlackElo "2676"]
[Annotator "ChessBase"]
[PlyCount "88"]
[EventDate "2021.03.27"]
[EventType "team-tourn"]
[EventCountry "NET"]
[SourceTitle "playchess.com"]
[Source "ChessBase"]
[SourceQuality "1"]
[TimeControl "900+5"]

1. e4 {[%emt 0:00:00]} c5 {[%emt 0:00:05]} 2. Nf3 {[%emt 0:00:05]} Nc6 {[%emt 0:00:02]} 3. Bb5 {[%emt 0:00:03]} e6 {[%emt 0:00:02]} 4. O-O {[%emt 0:00:03]} Nge7 {[%emt 0:00:02]} 5. b3 {[%emt 0:00:09]} a6 {[%emt 0:00:22]} 6. Bxc6 {[%emt 0:00:02]} Nxc6 {[%emt 0:00:02]} 7. Bb2 {[%emt 0:00:00]} d6 {[%emt 0:00:35]} 8. d4 {[%emt 0:00:09]} cxd4 {[%emt 0:00:06]} 9. Nxd4 {[%emt 0:00:02]} Bd7 {[%emt 0:00:02]} 10. Nd2 {[%emt 0:01:39]} b5 {[%emt 0:02:03]} 11. Nxc6 {[%emt 0:05:47]} Bxc6 {[%emt 0:00:03]} 12. f4 {[%emt 0:00:01]} d5 {[%emt 0:03:21]} 13. f5 {[%emt 0:01:15]} e5 {[%emt 0:00:02]} 14. Nf3 {[%emt 0:02:23]} f6 {[%emt 0:02:08]} 15. Nxe5 {[%emt 0:00:02]} fxe5 {[%emt 0:01:09]} 16. Qh5+ {[%emt 0:00:03]} Kd7 {[%emt 0:00:02]} 17. exd5 {[%emt 0:00:03]} Bb7 {[%emt 0:00:48]} 18. Qf7+ {[%emt 0:01:13]} Kc8 {[%emt 0:00:03]} 19. c4 {[%emt 0:01:35]} Qd7 {[%emt 0:00:02]} 20. Qe6 {[%emt 0:00:23]} Bc5+ {[%emt 0:00:02]} 21. Kh1 {[%emt 0:00:01]} Re8 {[%emt 0:00:02]} 22. Qxd7+ {[%emt 0:00:29]} Kxd7 {[%emt 0:00:02]} 23. f6 {[%emt 0:00:10]} gxf6 {[%emt 0:00:12]} 24. Rxf6 {[%emt 0:00:00]} bxc4 {[%emt 0:00:02]} 25. bxc4 {[%emt 0:00:02]} e4 {[%emt 0:00:14]} 26. Re1 {[%emt 0:00:03]} Re7 {[%emt 0:00:17]} 27. Bc3 {[%emt 0:00:27]} e3 {[%emt 0:01:07]} 28. Rb1 {[%emt 0:00:09]} Ra7 {[%emt 0:00:22]} 29. h3 {[%emt 0:00:11]} e2 {[%emt 0:00:20]} 30. Re1 {[%emt 0:00:13]} a5 {[%emt 0:00:14]} 31. Re6 {[%emt 0:00:40]} Rxe6 {[%emt 0:00:28]} 32. dxe6+ {[%emt 0:00:00]} Kxe6 {[%emt 0:00:01]} 33. Rxe2+ {[%emt 0:00:01]} Kd6 {[%emt 0:00:01]} 34. Rd2+ {[%emt 0:00:11]} Kc6 {[%emt 0:00:04]} 35. Rd5 {[%emt 0:00:11]} Ba6 {[%emt 0:00:06]} 36. Bd2 {[%emt 0:00:05]} Bb4 {[%emt 0:00:25]} 37. Bxb4 {[%emt 0:00:09]} axb4 {[%emt 0:00:02]} 38. Ra5 {[%emt 0:00:05]} Kb6 {[%emt 0:00:02]} 39. Ra4 {[%emt 0:00:02]} Kc5 {[%emt 0:00:01]} 40. Kh2 {[%emt 0:00:04]} Ra8 {[%emt 0:00:05]} 41. g4 {[%emt 0:00:04]} Bb7 {[%emt 0:00:05]} 42. Rxa8 {[%emt 0:00:02]} Bxa8 {[%emt 0:00:00]} 43. Kg3 {[%emt 0:00:02]} Be4 {[%emt 0:00:01]} 44. Kf4 {[%emt 0:00:02]} Bb1 {[%emt 0:00:01]} 0-1

[Event "European Online Club-ch-F 2021"]
[Site "Online"]
[Date "2021.03.27"]
[Round "5.10"]
[White "Amin, Bassem"]
[Black "Can, Isik"]
[Result "1-0"]
[WhiteElo "2695"]
[BlackElo "2380"]
[Annotator "ChessBase"]
[PlyCount "105"]
[EventDate "2021.03.27"]
[EventType "team-tourn"]
[EventCountry "NET"]
[SourceTitle "playchess.com"]
[Source "ChessBase"]
[SourceQuality "1"]
[TimeControl "900+5"]

1. e4 {[%emt 0:00:00]} c6 {[%emt 0:00:02]} 2. d3 {[%emt 0:00:04]} d5 {[%emt 0:00:04]} 3. Nd2 {[%emt 0:00:02]} e5 {[%emt 0:00:02]} 4. Ngf3 {[%emt 0:00:02]} Bd6 {[%emt 0:00:03]} 5. g3 {[%emt 0:00:01]} Nf6 {[%emt 0:00:13]} 6. Bg2 {[%emt 0:00:15]} O-O {[%emt 0:00:02]} 7. O-O {[%emt 0:00:03]} Re8 {[%emt 0:00:03]} 8. b3 {[%emt 0:00:09]} a5 {[%emt 0:01:25]} 9. a3 {[%emt 0:00:05]} d4 {[%emt 0:02:14]} 10. Nh4 {[%emt 0:00:37]} a4 {[%emt 0:00:49]} 11. b4 {[%emt 0:00:48]} b5 {[%emt 0:00:16]} 12. Rb1 {[%emt 0:00:19]} Be6 {[%emt 0:01:10]} 13. f4 {[%emt 0:02:13]} Ng4 {[%emt 0:01:34]} 14. f5 {[%emt 0:00:49]} Ne3 {[%emt 0:00:51]} 15. fxe6 {[%emt 0:00:04]} Nxd1 {[%emt 0:00:27]} 16. exf7+ {[%emt 0:00:03]} Kh8 {[%emt 0:00:03]} 17. fxe8=Q+ {[%emt 0:00:05]} Qxe8 {[%emt 0:00:02]} 18. Rxd1 {[%emt 0:00:03]} c5 {[%emt 0:00:29]} 19. Nf5 {[%emt 0:00:12]} Bf8 {[%emt 0:00:11]} 20. bxc5 {[%emt 0:00:05]} Bxc5 {[%emt 0:00:05]} 21. Nf3 {[%emt 0:00:10]} Na6 {[%emt 0:00:30]} 22. Rf1 {[%emt 0:00:38]} b4 {[%emt 0:00:51]} 23. Nd2 {[%emt 0:04:10]} bxa3 {[%emt 0:02:17]} 24. Ra1 {[%emt 0:00:07]} a2 {[%emt 0:01:05]} 25. Nc4 {[%emt 0:00:05]} Nb4 {[%emt 0:00:36]} 26. Rf2 {[%emt 0:01:00]} Qb8 {[%emt 0:00:34]} 27. Ba3 {[%emt 0:01:15]} Na6 {[%emt 0:01:09]} 28. Bxc5 {[%emt 0:00:12]} Nxc5 {[%emt 0:00:02]} 29. Rff1 {[%emt 0:00:02]} Na6 {[%emt 0:00:07]} 30. Rxa2 {[%emt 0:01:44]} Nb4 {[%emt 0:00:03]} 31. Rb2 {[%emt 0:00:00]} a3 {[%emt 0:00:05]} 32. Rb3 {[%emt 0:00:01]} a2 {[%emt 0:00:03]} 33. Ra1 {[%emt 0:00:02]} Ra4 {[%emt 0:00:09]} 34. Nfd6 {[%emt 0:00:23]} Qc7 {[%emt 0:00:07]} 35. Rb2 {[%emt 0:00:06]} Kg8 {[%emt 0:00:03]} 36. Bh3 {[%emt 0:00:10]} Qe7 {[%emt 0:00:03]} 37. Nc8 {[%emt 0:00:19]} Qc5 {[%emt 0:00:09]} 38. N8b6 {[%emt 0:00:03]} Ra6 {[%emt 0:00:03]} 39. Be6+ {[%emt 0:00:33]} Kh8 {[%emt 0:00:02]} 40. Nd5 {[%emt 0:00:01]} Ra4 {[%emt 0:00:09]} 41. Nxb4 {[%emt 0:00:06]} Rxb4 {[%emt 0:00:02]} 42. Rbxa2 {[%emt 0:00:10]} h5 {[%emt 0:00:02]} 43. Ra8+ {[%emt 0:00:07]} Kh7 {[%emt 0:00:06]} 44. h4 {[%emt 0:00:10]} Rb7 {[%emt 0:00:08]} 45. R1a6 {[%emt 0:00:07]} g6 {[%emt 0:00:07]} 46. Bg8+ {[%emt 0:00:03]} Kg7 {[%emt 0:00:02]} 47. Bd5 {[%emt 0:00:02]} Re7 {[%emt 0:00:06]} 48. Rg8+ {[%emt 0:00:12]} Kh7 {[%emt 0:00:05]} 49. Rgxg6 {[%emt 0:00:03]} Rc7 {[%emt 0:00:08]} 50. Rh6+ {[%emt 0:00:07]} Kg7 {[%emt 0:00:02]} 51. Rag6+ {[%emt 0:00:02]} Kf8 {[%emt 0:00:03]} 52. Rh8+ {[%emt 0:00:06]} Ke7 {[%emt 0:00:04]} 53. Rh7+ {[%emt 0:00:01]} 1-0

[Event "European Online Club-ch-F 2021"]
[Site "Online"]
[Date "2021.03.27"]
[Round "5.11"]
[White "Ozen, Bahadir"]
[Black "Van Wely, Loek"]
[Result "1/2-1/2"]
[WhiteElo "2369"]
[BlackElo "2620"]
[Annotator "ChessBase"]
[PlyCount "133"]
[EventDate "2021.03.27"]
[EventType "team-tourn"]
[EventCountry "NET"]
[SourceTitle "playchess.com"]
[Source "ChessBase"]
[SourceQuality "1"]
[TimeControl "900+5"]

1. Nf3 {[%emt 0:00:00]} Nf6 {[%emt 0:00:05]} 2. c4 {[%emt 0:00:03]} c5 {[%emt 0:00:12]} 3. g3 {[%emt 0:00:22]} b6 {[%emt 0:00:05]} 4. Bg2 {[%emt 0:00:03]} Bb7 {[%emt 0:00:02]} 5. O-O {[%emt 0:00:06]} g6 {[%emt 0:00:03]} 6. b3 {[%emt 0:00:36]} Bg7 {[%emt 0:00:05]} 7. Bb2 {[%emt 0:00:02]} O-O {[%emt 0:00:02]} 8. Nc3 {[%emt 0:00:04]} d5 {[%emt 0:00:56]} 9. Nxd5 {[%emt 0:00:17]} Nxd5 {[%emt 0:00:02]} 10. Bxg7 {[%emt 0:00:04]} Kxg7 {[%emt 0:00:02]} 11. cxd5 {[%emt 0:00:03]} Qxd5 {[%emt 0:00:03]} 12. d4 {[%emt 0:00:28]} cxd4 {[%emt 0:00:02]} 13. Qxd4+ {[%emt 0:00:17]} Qxd4 {[%emt 0:00:04]} 14. Nxd4 {[%emt 0:00:02]} Bxg2 {[%emt 0:00:02]} 15. Kxg2 {[%emt 0:00:01]} Rc8 {[%emt 0:01:13]} 16. Rac1 {[%emt 0:01:20]} Nd7 {[%emt 0:00:26]} 17. Rfd1 {[%emt 0:00:27]} Nf6 {[%emt 0:01:51]} 18. Nb5 {[%emt 0:01:50]} Rxc1 {[%emt 0:01:13]} 19. Rxc1 {[%emt 0:00:03]} a6 {[%emt 0:00:06]} 20. Nd4 {[%emt 0:01:53]} Rd8 {[%emt 0:00:16]} 21. e3 {[%emt 0:00:02]} Rd6 {[%emt 0:00:35]} 22. Rc6 {[%emt 0:02:39]} Ne4 {[%emt 0:00:17]} 23. f3 {[%emt 0:00:23]} Rxc6 {[%emt 0:00:26]} 24. Nxc6 {[%emt 0:00:01]} Nc3 {[%emt 0:00:02]} 25. Nxe7 {[%emt 0:00:19]} Nxa2 {[%emt 0:00:13]} 26. Nd5 {[%emt 0:00:04]} Nc1 {[%emt 0:01:45]} 27. Nxb6 {[%emt 0:00:28]} Nxb3 {[%emt 0:00:02]} 28. Kf2 {[%emt 0:00:26]} Kf6 {[%emt 0:00:47]} 29. Ke2 {[%emt 0:00:44]} Ke6 {[%emt 0:00:08]} 30. Kd3 {[%emt 0:00:29]} Nc5+ {[%emt 0:00:04]} 31. Kd4 {[%emt 0:00:15]} Nd7 {[%emt 0:00:24]} 32. Nc4 {[%emt 0:00:06]} h5 {[%emt 0:00:10]} 33. e4 {[%emt 0:00:17]} Nf6 {[%emt 0:00:54]} 34. h4 {[%emt 0:01:09]} Nd7 {[%emt 0:00:14]} 35. Na5 {[%emt 0:00:40]} Ne5 {[%emt 0:00:42]} 36. f4 {[%emt 0:00:04]} Nf3+ {[%emt 0:00:14]} 37. Ke3 {[%emt 0:00:04]} Nh2 {[%emt 0:00:03]} 38. Nb7 {[%emt 0:00:18]} Ke7 {[%emt 0:00:14]} 39. f5 {[%emt 0:00:08]} gxf5 {[%emt 0:00:31]} 40. exf5 {[%emt 0:00:01]} Ng4+ {[%emt 0:00:39]} 41. Kf4 {[%emt 0:00:02]} Kf6 {[%emt 0:01:44]} 42. Nc5 {[%emt 0:00:05]} a5 {[%emt 0:00:02]} 43. Ne4+ {[%emt 0:00:02]} Kg7 {[%emt 0:00:15]} 44. Kg5 {[%emt 0:00:52]} a4 {[%emt 0:00:05]} 45. Nc3 {[%emt 0:00:03]} a3 {[%emt 0:00:06]} 46. Kxh5 {[%emt 0:00:05]} Ne3 {[%emt 0:00:04]} 47. Na2 {[%emt 0:00:21]} Nxf5 {[%emt 0:00:21]} 48. Kg4 {[%emt 0:00:03]} Kg6 {[%emt 0:00:24]} 49. Kf4 {[%emt 0:00:16]} Kf6 {[%emt 0:00:19]} 50. Nb4 {[%emt 0:00:13]} Nd4 {[%emt 0:00:13]} 51. Na2 {[%emt 0:00:12]} Kg6 {[%emt 0:00:11]} 52. g4 {[%emt 0:00:03]} Nc6 {[%emt 0:00:08]} 53. Ke4 {[%emt 0:00:07]} Ne7 {[%emt 0:00:05]} 54. Nc3 {[%emt 0:00:19]} Kf6 {[%emt 0:00:06]} 55. Kf4 {[%emt 0:00:03]} Ng6+ {[%emt 0:00:02]} 56. Kg3 {[%emt 0:00:03]} Ke5 {[%emt 0:00:02]} 57. h5 {[%emt 0:00:04]} Nf8 {[%emt 0:00:02]} 58. g5 {[%emt 0:00:08]} Kf5 {[%emt 0:00:07]} 59. g6 {[%emt 0:00:02]} fxg6 {[%emt 0:00:03]} 60. hxg6 {[%emt 0:00:01]} Nxg6 {[%emt 0:00:02]} 61. Kf3 {[%emt 0:00:03]} Ke5 {[%emt 0:00:02]} 62. Ke3 {[%emt 0:00:01]} Nf4 {[%emt 0:00:03]} 63. Kd2 {[%emt 0:00:02]} Nd5 {[%emt 0:00:06]} 64. Kc2 {[%emt 0:00:18]} Nxc3 {[%emt 0:00:06]} 65. Kxc3 {[%emt 0:00:02]} a2 {[%emt 0:00:01]} 66. Kb2 {[%emt 0:00:02]} a1=Q+ {[%emt 0:00:02]} 67. Kxa1 {[%emt 0:00:01]} 1/2-1/2

[Event "European Online Club-ch-F 2021"]
[Site "Online"]
[Date "2021.03.27"]
[Round "5.12"]
[White "Hamdouchi, Hicham"]
[Black "Kamer, Kayra"]
[Result "1-0"]
[WhiteElo "2561"]
[BlackElo "2339"]
[Annotator "ChessBase"]
[PlyCount "95"]
[EventDate "2021.03.27"]
[EventType "team-tourn"]
[EventCountry "NET"]
[SourceTitle "playchess.com"]
[Source "ChessBase"]
[SourceQuality "1"]
[TimeControl "900+5"]

1. d4 {[%emt 0:00:00]} Nf6 {[%emt 0:00:03]} 2. Bf4 {[%emt 0:00:04]} g6 {[%emt 0:00:04]} 3. Nc3 {[%emt 0:00:02]} d5 {[%emt 0:00:03]} 4. e3 {[%emt 0:00:02]} Bg7 {[%emt 0:00:02]} 5. h4 {[%emt 0:00:02]} O-O {[%emt 0:00:30]} 6. h5 {[%emt 0:00:15]} c5 {[%emt 0:00:25]} 7. hxg6 {[%emt 0:00:10]} fxg6 {[%emt 0:00:11]} 8. Nf3 {[%emt 0:00:19]} cxd4 {[%emt 0:00:42]} 9. Nxd4 {[%emt 0:01:00]} Nc6 {[%emt 0:00:13]} 10. Nb3 {[%emt 0:00:27]} e5 {[%emt 0:00:18]} 11. Bg5 {[%emt 0:00:02]} d4 {[%emt 0:00:07]} 12. Bc4+ {[%emt 0:00:31]} Kh8 {[%emt 0:00:02]} 13. exd4 {[%emt 0:00:46]} exd4 {[%emt 0:00:06]} 14. Ne2 {[%emt 0:00:04]} Qb6 {[%emt 0:00:55]} 15. Nf4 {[%emt 0:01:26]} Bf5 {[%emt 0:00:53]} 16. Bd3 {[%emt 0:01:21]} Rae8+ {[%emt 0:00:32]} 17. Kf1 {[%emt 0:00:04]} Ne4 {[%emt 0:06:12]} 18. Nd5 {[%emt 0:05:35]} Nxf2 {[%emt 0:00:07]} 19. Kxf2 {[%emt 0:01:28]} Bxd3+ {[%emt 0:00:13]} 20. Kg1 {[%emt 0:00:02]} Qb5 {[%emt 0:00:13]} 21. Qxd3 {[%emt 0:00:02]} Qxd5 {[%emt 0:00:01]} 22. Qxg6 {[%emt 0:00:04]} Qg8 {[%emt 0:00:10]} 23. Rh3 {[%emt 0:01:00]} Ne5 {[%emt 0:01:33]} 24. Qh5 {[%emt 0:00:05]} Nc4 {[%emt 0:01:17]} 25. Kh1 {[%emt 0:00:39]} Rf5 {[%emt 0:00:28]} 26. Qg4 {[%emt 0:00:27]} Ref8 {[%emt 0:00:42]} 27. Nxd4 {[%emt 0:00:42]} Rf1+ {[%emt 0:00:35]} 28. Rxf1 {[%emt 0:00:03]} Rxf1+ {[%emt 0:00:02]} 29. Kh2 {[%emt 0:00:02]} Be5+ {[%emt 0:00:24]} 30. g3 {[%emt 0:00:09]} Qf8 {[%emt 0:00:07]} 31. Bf4 {[%emt 0:00:30]} Bxd4 {[%emt 0:00:10]} 32. Qd7 {[%emt 0:00:05]} Bg7 {[%emt 0:00:06]} 33. Qd3 {[%emt 0:00:02]} h6 {[%emt 0:00:12]} 34. Qxf1 {[%emt 0:00:03]} Ne5 {[%emt 0:00:03]} 35. Qe2 {[%emt 0:00:05]} Nf7 {[%emt 0:00:03]} 36. Qe6 {[%emt 0:00:04]} Qc5 {[%emt 0:00:07]} 37. Qe8+ {[%emt 0:00:09]} Bf8 {[%emt 0:00:06]} 38. Qe2 {[%emt 0:00:11]} Bg7 {[%emt 0:00:01]} 39. Rh4 {[%emt 0:00:03]} Bf6 {[%emt 0:00:04]} 40. Rh5 {[%emt 0:00:05]} Qc6 {[%emt 0:00:08]} 41. Bxh6 {[%emt 0:00:02]} Nxh6 {[%emt 0:00:09]} 42. Rxh6+ {[%emt 0:00:02]} Kg7 {[%emt 0:00:01]} 43. Rh5 {[%emt 0:00:02]} Qa4 {[%emt 0:00:03]} 44. Qd3 {[%emt 0:00:04]} Qg4 {[%emt 0:00:03]} 45. Rd5 {[%emt 0:00:13]} Kh6 {[%emt 0:00:14]} 46. c3 {[%emt 0:00:04]} a6 {[%emt 0:00:02]} 47. Rf5 {[%emt 0:00:02]} Kg7 {[%emt 0:00:05]} 48. Qf3 {[%emt 0:00:03]} 1-0

[Event "European Online Club-ch-F 2021"]
[Site "Online"]
[Date "2021.03.27"]
[Round "5.13"]
[White "Hellers, Ferdinand"]
[Black "Gorodetzky, Matan"]
[Result "0-1"]
[WhiteElo "2592"]
[BlackElo "2253"]
[Annotator "ChessBase"]
[PlyCount "56"]
[EventDate "2021.03.27"]
[EventType "team-tourn"]
[EventCountry "NET"]
[SourceTitle "playchess.com"]
[Source "ChessBase"]
[SourceQuality "1"]
[TimeControl "900+5"]

1. e4 {[%emt 0:00:00]} e6 {[%emt 0:00:03]} 2. d4 {[%emt 0:00:16]} d5 {[%emt 0:00:02]} 3. Nd2 {[%emt 0:00:02]} c5 {[%emt 0:00:05]} 4. exd5 {[%emt 0:00:04]} exd5 {[%emt 0:00:02]} 5. Ngf3 {[%emt 0:00:21]} a6 {[%emt 0:00:04]} 6. Be2 {[%emt 0:00:31]} Nf6 {[%emt 0:00:05]} 7. O-O {[%emt 0:00:08]} Be7 {[%emt 0:00:02]} 8. dxc5 {[%emt 0:00:05]} Bxc5 {[%emt 0:00:02]} 9. Nb3 {[%emt 0:00:02]} Bb6 {[%emt 0:00:05]} 10. Bg5 {[%emt 0:00:27]} O-O {[%emt 0:00:03]} 11. c3 {[%emt 0:00:14]} Nc6 {[%emt 0:00:08]} 12. Bxf6 {[%emt 0:02:05]} Qxf6 {[%emt 0:00:03]} 13. Qxd5 {[%emt 0:00:03]} h6 {[%emt 0:00:27]} 14. Rad1 {[%emt 0:01:41]} Be6 {[%emt 0:00:48]} 15. Qe4 {[%emt 0:00:57]} Rfe8 {[%emt 0:00:37]} 16. Bc4 {[%emt 0:00:57]} Bf5 {[%emt 0:00:44]} 17. Qf4 {[%emt 0:00:12]} Re4 {[%emt 0:00:12]} 18. Bxf7+ {[%emt 0:00:38]} Qxf7 {[%emt 0:00:13]} 19. Qc1 {[%emt 0:00:41]} Bg4 {[%emt 0:00:14]} 20. Nbd2 {[%emt 0:00:10]} Re2 {[%emt 0:00:12]} 21. h3 {[%emt 0:00:20]} Bh5 {[%emt 0:00:20]} 22. Rde1 {[%emt 0:00:56]} Rae8 {[%emt 0:00:08]} 23. Rxe2 {[%emt 0:00:13]} Rxe2 {[%emt 0:00:02]} 24. Qd1 {[%emt 0:00:06]} Qe7 {[%emt 0:00:23]} 25. b4 {[%emt 0:00:34]} Ne5 {[%emt 0:00:30]} 26. g4 {[%emt 0:00:29]} Nxf3+ {[%emt 0:00:07]} 27. Nxf3 {[%emt 0:00:02]} Bf7 {[%emt 0:00:04]} 28. a4 {[%emt 0:00:18]} Qe4 {[%emt 0:00:18]} 0-1

[Event "European Online Club-ch-F 2021"]
[Site "Online"]
[Date "2021.03.27"]
[Round "5.14"]
[White "Katkov, Michelle"]
[Black "Moreau, Teodor"]
[Result "1-0"]
[WhiteElo "2078"]
[BlackElo "2329"]
[Annotator "NA"]
[PlyCount "61"]
[EventDate "2021.03.27"]
[EventType "team-tourn"]
[EventCountry "NET"]
[SourceTitle "playchess.com"]
[Source "ChessBase"]
[SourceQuality "1"]
[TimeControl "900+5"]

1. e4 {[%emt 0:00:00]} c5 {[%emt 0:00:05]} 2. c3 {[%emt 0:00:10]} d5 {[%emt 0:00:07]} 3. exd5 {[%emt 0:00:03]} Qxd5 {[%emt 0:00:02]} 4. d4 {[%emt 0:00:02]} Nf6 {[%emt 0:00:07]} 5. Nf3 {[%emt 0:00:03]} e6 {[%emt 0:00:03]} 6. Be2 {[%emt 0:00:18]} Be7 {[%emt 0:00:15]} 7. O-O {[%emt 0:01:22]} O-O {[%emt 0:00:18]} 8. c4 {[%emt 0:00:49]} Qd8 {[%emt 0:00:18]} 9. dxc5 {[%emt 0:00:05]} Bxc5 {[%emt 0:00:44]} 10. Nc3 {[%emt 0:00:13]} Nc6 {[%emt 0:01:39]} 11. a3 {[%emt 0:00:26]} b6 {[%emt 0:00:19]} 12. b4 {[%emt 0:00:18]} Be7 {[%emt 0:00:05]} 13. Bf4 {[%emt 0:01:07]} Bb7 {[%emt 0:00:18]} 14. Nb5 {[%emt 0:00:51]} Nh5 {[%emt 0:03:55]} 15. Bc7 {[%emt 0:01:28]} Qc8 {[%emt 0:00:33]} 16. Bd6 {[%emt 0:01:17]} Rd8 {[%emt 0:00:08]} 17. c5 {[%emt 0:00:44]} bxc5 {[%emt 0:00:26]} 18. bxc5 {[%emt 0:00:06]} Nf4 {[%emt 0:00:32]} 19. Rb1 {[%emt 0:02:33]} Ba6 {[%emt 0:02:29]} 20. Bc4 {[%emt 0:00:55]} Na5 {[%emt 0:01:04]} 21. Qc1 {[%emt 0:00:39]} Ng6 {[%emt 0:01:41]} 22. Be2 {[%emt 0:01:06]} Nb7 {[%emt 0:00:29]} 23. Bxe7 {[%emt 0:01:10]} Nxe7 {[%emt 0:00:03]} 24. Rd1 {[%emt 0:00:56]} Qxc5 {[%emt 0:00:29]} 25. Qxc5 {[%emt 0:00:15]} Nxc5 {[%emt 0:00:03]} 26. Rdc1 {[%emt 0:00:07]} Rac8 {[%emt 0:00:52]} 27. Nxa7 {[%emt 0:00:04]} Bxe2 {[%emt 0:00:02]} 28. Nxc8 {[%emt 0:00:02]} Rxc8 {[%emt 0:00:01]} 29. Rb2 {[%emt 0:00:04]} Bd3 {[%emt 0:00:09]} 30. Ne5 {[%emt 0:00:05]} Bg6 {[%emt 0:00:09]} 31. Rb5 {[%emt 0:00:04]} 1-0